Multicategory A to Z Blitz V Quiz Stats

 Plays Quiz Updated Nov 29, 2015

Challenge
Share
Tweet
Embed
Score 0/32 Timer 04:00
5 Plays Today
% Correct
US State Capitals
100%
Lanthanide and Actinide Elements
99.9%
Marx Brothers (Stage Names)
99.9%
James Bond Movies
99.9%
The 10 Avatars of Vishnu (Dashavatara)
99.9%
7 Parts of the Electromagnetic Spectrum
99.9%
Samarium...
82.9%
Gamma...
81.8%
Denver...
81.7%
Actinium...
81.3%
Cerium...
80.9%
Harpo...
75.7%
Baton Rouge...
71.6%
Oklahoma City...
70.6%
Lansing...
70.1%
Tallahassee...
69.1%
% Correct
Mendelevium...
68.4%
Jackson...
62.1%
Infrared...
61.9%
From Russia with Love...
59.6%
Phoenix...
55.5%
Rama...
53.3%
Zeppo
46.4%
Ultraviolet...
44.7%
Quantum of Solace
42.1%
Narasimha...
39.8%
X-Ray
35.7%
Ytterbium...
32.9%
A View to a Kill...
32%
Europium...
21.7%
The World is Not Enough
11.5%
Krishna...
9.8%

You're not logged in!

Compare scores with friends on all Sporcle quizzes.
Join for Free
OR
Log In

You Might Also Like...

Show Comments

Extras

Top Quizzes Today


Score Distribution

Your Account Isn't Verified!

In order to create a playlist on Sporcle, you need to verify the email address you used during registration. Go to your Sporcle Settings to finish the process.

Report this User

Report this user for behavior that violates our Community Guidelines.

Details: